Normal view
MARC view
- Clason, George S.
Entry Personal Name
001 - CONTROL NUMBER
- control field: 3085
003 - CONTROL NUMBER IDENTIFIER
- control field: OSt
005 - DATE AND TIME OF LATEST TRANSACTION
- control field: 20170511090212.0
008 - FIXED-LENGTH DATA ELEMENTS
- fixed length control field: 170511|| aca||aabn | a|a d
040 ## - CATALOGING SOURCE
- Original cataloging agency: OSt
- Transcribing agency: OSt
100 ## - HEADING--PERSONAL NAME
- Personal name: Clason, George S.
- Fuller form of name: (George Samuel),
- Dates associated with a name: 1874-1957
670 ## - SOURCE DATA FOUND
- Source citation: Work cat.: (OSt)0: Clason, George S. (George Samuel), 1874-1957, Manusia terkaya di Babylon /, 1997

PORTAL AKMAL
E-MEL JKDM
AKMAL2U
G-BAM
u-PUSTAKA